000 01192nam a2200229Ii 4500
003 JO-AjNU
008 230605s9999||||xx |||||||||||||| ||und||
017 _a2013/12/4393
020 _a978-1-56564-621-6
040 _aJO-AjNU
_bara
_erda
_cJO-AjNU
041 _aara
050 1 4 _aDS36.85.T343.2014
100 3 _aتحرير الجالودي، عليان ؛ فكرة واشراف وتنفيذ المعهد العالمي للفكر الاسلامي مكتب الاردن ،ملكاوي، فتحي حسن مشرف، عكاشة، رائد جميل مشرف، أبو غزالة، ماجد فوزي مشرف,
_eauthor
_952277
245 0 0 _aالتحولات الفكرية في العالم الإسلامي: أعلام، وكتب، وحركات، وأفكار من القرن العاشر الى الثاني عشر الهجري
250 _aط1
264 3 1 _aعمان: المعهد العالمي للفكر الاسلامي، 2014
300 _a642ص
_bيشتمل على كشاف
336 _atext
_btxt
_2rdacontent
337 _aunmediated
_bn
_2rdamedia
338 _avolume
_bnc
_2rdacarrier
650 4 _aالحضارة الاسلامية،التاريخ الاسلامي
_952278
999 _aA23148
_c26716
_d26716